000 00571nam a2200229Ia 4500
003 OSt
005 20220924144154.0
006 a|||||r|||| 00| 0
007 ta
008 220923b |||||||| |||| 00| 0 urd d
024 _a312605
037 _cTextual
040 _aARTS
_cARTS
_burd
041 _2urd
_aurd
082 _aO168,1L97x, L5
100 _aAbbasi Manzoor Ahsan
245 0 _aMurad-e-Ghalib
260 _c1975
650 _aURDU POETRY
942 _hO168,1L97x, L5
_cTEXL
_2CC
999 _c456336
_d456336